OT 2025 Gala 10 - Estadísticas

Estadísticas generales
  • Esta prueba ha sido intentada 50 veces
  • La puntuación promedio es 7 de 10
Estadísticas de respuestas
Concursantes Cantante Real Canción % Correcto
Grupal (Todos) Pablo Alborán Saturno
91%
Cristina Daniela Blasco Uh Nana
91%
Crespo Saiko COSAS QUE NO TE DIJE
82%
Cristina & Claudia Arenas & Téyou & Olivia Elena Gadel Lobo
76%
Guillo Rist Lady Gaga Abracadabra
73%
Téyou Louane Je Vole
73%
Tinho Sés Tempestades de Sal
70%
Olivia Etta James At last
67%
Claudia Arenas Billie Eilish BIRDS OF A FEATHER
67%
Guille Toledano Stephen Sánchez Until I Found You
48%
No se encontraron pruebas coincidentes
Distribución de puntuación
Porcentaje de gente con cada puntuación
Porcentaje por número respondido
Historial de tus puntuaciones
No has intentado esta prueba.